000 00710nam a2200205 a 4500
008 090302s2004 ||||||||||||||||| || u
020 _a0582473659
050 _aKD 163.C6 Bai
100 _aBainbridge, David
245 1 0 _aIntroduction to computer law. (5th ed.)
250 _a5th ed.
260 _aLondon:
_bPearson Longman
_c2004
300 _axliv, 553 p.
350 _a0.00
650 _aLAW
650 _aINDUSTRIAL PROPERTY
650 _aCOMPUTERS--LAW AND LEGISLATION--GREAT BRITAIN
650 2 _aINTELLECTUAL PROPERTY
995 _D0.00
_FCBU-MAIN LIBRARY (Kitwe)
_H1
_I0.00
_M1
_UAVAILABLE
_WApr 29, 2009
_ZMain Library Open Access Collection
999 _c47666
_d47666